| 000 | 00751nam a2200229 a 4500 | ||
|---|---|---|---|
| 999 |
_c9340 _d9340 |
||
| 001 | 9340 | ||
| 003 | BD-JhCC | ||
| 005 | 20180313100536.0 | ||
| 008 | 180313s1971 bg |||| ||a| 000 0 ben d | ||
| 035 | _a(BD-JhCC)9340 | ||
| 040 |
_aBD-JhCC _dBD-JhCC |
||
| 041 | _aben | ||
| 082 |
_a320 _bLIP 1971 |
||
| 100 | _aলিপসেট, সেমোর মার্টিন | ||
| 245 |
_aরাজনীতি ও মানুষ / _cসেমোর মার্টিন লিপসেট, |
||
| 260 |
_aঢাকা : _bখোশরোজ কিতাব মহল, _c1971 |
||
| 300 |
_a252 p. : _c22 cm. |
||
| 650 | _aPolitical Science | ||
| 700 | _aরহমান, আহমদুর (অনুবাদ) | ||
| 942 |
_2ddc _cBK |
||